[Event "Challenge"]
[Site "http://www.queenalice.com/game.php?id=938401"]
[Date "2011.5.15"]
[Round "-"]
[White "viniciussantos"]
[Black "igorframos"]
[Result "1-0"]
[WhiteElo "1752"]
[BlackElo "1370"]

1. e4 e5 2. Bc4 Nf6 3. Nf3 Nc6 4. d3 Bc5 5. O-O d6 6. Bg5 O-O 7. c3 Bg4 8. a4 a5
9. Bb5 Bxf3 10. Qxf3 h6 11. Bxf6 gxf6 12. Kh1 f5 13. Qxf5 Qh4 14. g3 Qg5 15.
Qxg5+ hxg5 16. Nd2 f6 17. Nb3 f5 18. f3 fxe4 19. fxe4 Be3 20. Kg2 g4 21. Bxc6
bxc6 22. Rxf8+ Rxf8 23. Nxa5 Rf2+ 24. Kh1 Rxb2 25. Nc4 Rc2 26. Nxe3 Rxc3 27. a5
Rxd3 28. Nxg4 Rb3 29. a6 Rb8 30. a7 Ra8 31. h4 d5 32. exd5 cxd5 33. Nxe5 Kf8 34.
Kg2 Ke7 35. Kf3 Kd6 36. Nd3 c6 37. h5 c5 38. h6 c4 39. Nf4 c3 40. Ke2 d4 41. h7
Kc5 42. Ng6 c2 43. h8=Q Rxh8 44. Nxh8 Kc4 45. a8=Q Kc3 46. Qc6+ Kb2 47. Kd3 1-0

[Event "Challenge"]
[Site "http://www.queenalice.com/game.php?id=940106"]
[Date "2011.5.19"]
[Round "-"]
[White "igorframos"]
[Black "Marlu"]
[Result "0-1"]
[WhiteElo "1368"]
[BlackElo "1496"]

1. e4 e5 2. Qh5 Nc6 3. Bb5 Nf6 4. Qf5 d6 5. d4 Bxf5 6. dxe5 Nxe4 7. Bxc6+ bxc6
8. exd6 Qxd6 9. Nf3 Qc5 10. O-O Qxc2 11. Nc3 Nxc3 12. Nd4 Qe4 13. Nxf5 Ne2+ 14.
Kh1 Qxf5 15. Re1 Qxf2 16. Bd2 Bd6 17. Rf1 Qd4 18. Ba5 Qe5 0-1

[Event "Challenge"]
[Site "http://www.queenalice.com/game.php?id=941357"]
[Date "2011.5.22"]
[Round "-"]
[White "viniciussantos"]
[Black "igorframos"]
[Result "1-0"]
[WhiteElo "1754"]
[BlackElo "1357"]

1. d4 d5 2. c4 Nc6 3. Nc3 Nf6 4. cxd5 Nxd5 5. e4 Nxc3 6. bxc3 e6 7. e5 a5 8. a3
a4 9. Bb5 Be7 10. Nf3 Ra5 11. Bxa4 b5 12. Bb3 b4 13. Bb2 bxa3 14. Bc1 Ba6 15.
Ba4 Bb5 16. Bxb5 Rxb5 17. Qa4 Qb8 18. Bxa3 Bxa3 19. O-O Bb2 20. Rab1 Ra5 21.
Qxc6+ Ke7 22. Qc4 Rb5 23. Nd2 Rc8 24. Qc6 Rb6 25. Qc5+ Kd7 26. Qc4 Qb7 27. Qd3
Rh8 28. Nc4 Rb3 29. Na5 Qb5 30. Qxb5+ Rxb5 31. Nc4 Rhb8 32. Nxb2 Rxb2 33. Rbc1
c6 34. f4 Ra2 35. Rf2 Rbb2 36. Rxb2 Rxb2 37. h3 h5 38. Ra1 Rb7 39. Kf2 Kc7 40.
Ra2 Rb3 41. Rc2 Kb6 42. Ke2 Kb5 43. Kd3 c5 44. Kd2 cxd4 45. cxd4 Ka4 46. Rc4+
Rb4 47. Rxb4+ Kxb4 48. Kd3 Kb5 49. Ke4 Kc6 50. f5 exf5+ 51. Kxf5 g6+ 52. Kf6 1-0

[Event "Challenge"]
[Site "http://www.queenalice.com/game.php?id=943024"]
[Date "2011.5.27"]
[Round "-"]
[White "igorframos"]
[Black "viniciussantos"]
[Result "0-1"]
[WhiteElo "1355"]
[BlackElo "1756"]

1. e4 c5 2. Bc4 Nc6 3. Nf3 e5 4. c3 Nf6 5. d4 cxd4 6. cxd4 exd4 7. Nxd4 Bc5 8.
Nxc6 bxc6 9. Bg5 O-O 10. e5 d5 11. exd6 Bxd6 12. Nc3 Re8+ 13. Be2 Be7 14. Bxf6
Bxf6 15. O-O Bxc3 16. bxc3 Qxd1 17. Raxd1 g6 18. Bf3 Re6 19. Rd8+ Kg7 20. Bg4
Re2 21. Bxc8 Rxa2 22. g3 Rc2 23. Re1 Rxc3 24. Re7 a5 25. Rde8 a4 26. Re2 a3 27.
Bd7 Ra5 28. f4 a2 0-1

[Event "Challenge"]
[Site "http://www.queenalice.com/game.php?id=945312"]
[Date "2011.6.2"]
[Round "-"]
[White "igorframos"]
[Black "Marlu"]
[Result "1-0"]
[WhiteElo "1353"]
[BlackElo "1546"]

1. e4 e5 2. Qh5 Nc6 3. d4 Bd6 4. dxe5 Nxe5 5. Bf4 Nf6 6. Qf5 O-O 7. Bxe5 Bxe5 8.
Qxe5 Re8 9. Qg5 Rxe4+ 10. Be2 h6 11. Qg3 d6 12. Nc3 Re8 13. Nf3 a6 14. O-O b5
15. Qh4 Qe7 16. Rae1 Qf8 17. Bd3 g6 18. Qxf6 Rxe1 19. Rxe1 Bb7 20. Be4 Bxe4 21.
Rxe4 c6 22. Re7 Re8 23. Rxe8 Qxe8 24. Qxd6 g5 25. Qxh6 g4 26. Qg5+ Kf8 27. Qxg4
c5 28. h4 f6 29. h5 Qe2 30. Nxe2 1-0

[Event "Challenge"]
[Site "http://www.queenalice.com/game.php?id=946647"]
[Date "2011.6.6"]
[Round "-"]
[White "viniciussantos"]
[Black "igorframos"]
[Result "1-0"]
[WhiteElo "1758"]
[BlackElo "1377"]

1. d4 d5 2. Nc3 Nf6 3. Bf4 Bf5 4. Nb5 e6 5. Nxc7+ Ke7 6. Nxa8 Qa5+ 7. Qd2 Qa4 8.
e3 Qxc2 9. Qxc2 Bxc2 10. Rc1 Be4 11. Bxb8 Nd7 12. Bxa7 Kf6 13. Nc7 Bb4+ 14. Kd1
Rc8 15. Nxd5+ Kg6 16. Rxc8 1-0

[Event "Challenge"]
[Site "http://www.queenalice.com/game.php?id=946961"]
[Date "2011.6.7"]
[Round "-"]
[White "igorframos"]
[Black "viniciussantos"]
[Result "0-1"]
[WhiteElo "1375"]
[BlackElo "1760"]

1. e4 e6 2. d4 d5 3. exd5 exd5 4. Nf3 Bg4 5. Be2 Qe7 6. Nc3 Bxf3 7. gxf3 Nc6 8.
Nxd5 Qd6 9. Bc4 O-O-O 10. Bf4 Qd7 11. O-O Na5 12. b3 Nxc4 13. bxc4 Qf5 14. Bxc7
Re8 15. Re1 Rxe1+ 16. Qxe1 Qe6 17. Qa5 Ne7 18. Be5 Nxd5 19. cxd5 Qb6 20. Qc3+
Kd8 21. d6 Bxd6 22. Bxd6 Qxd6 23. Rb1 b6 24. Rb5 Re8 25. d5 Qe5 26. Qxe5 Rxe5
27. f4 Rf5 28. c4 Rxf4 29. Rb4 Kd7 30. Kg2 Kd6 31. Kg3 Rd4 32. a4 Kc5 33. Rb5+
Kxc4 34. f4 Rxd5 35. Rxd5 Kxd5 36. h4 h6 37. Kg4 Ke4 38. h5 f5+ 39. Kg3 Ke3 0-1

[Event "Challenge"]
[Site "http://www.queenalice.com/game.php?id=949637"]
[Date "2011.6.14"]
[Round "-"]
[White "igorframos"]
[Black "viniciussantos"]
[Result "0-1"]
[WhiteElo "1373"]
[BlackElo "1762"]

1. e4 c5 2. d4 cxd4 3. Qxd4 Nc6 4. Qc5 e5 5. Qd5 Nf6 6. Qc4 Qa5+ 7. Bd2 Qc5 8.
Qxc5 Bxc5 9. Nf3 Nxe4 10. Be3 d6 11. Nc3 Nxc3 12. bxc3 Bxe3 13. fxe3 O-O 14. Rd1
Rd8 15. Bb5 a6 16. Bxc6 bxc6 17. Nxe5 Bb7 18. Nc4 d5 19. Ne5 f6 20. Ng4 Re8 21.
O-O Bc8 22. h3 Bxg4 23. hxg4 Rxe3 24. Rf3 Rae8 25. Kf1 Re2 26. Re1 Rxe1+ 0-1

[Event "Challenge"]
[Site "http://www.queenalice.com/game.php?id=951367"]
[Date "2011.6.18"]
[Round "-"]
[White "rafaelcanuto"]
[Black "igorframos"]
[Result "1-0"]
[WhiteElo "1493"]
[BlackElo "1371"]

1. e3 e5 2. Qf3 d5 3. c4 e4 4. Qh5 Nf6 5. Qe5+ Be7 6. cxd5 Nxd5 7. Qxg7 Bf6 8.
Qh6 Bg4 9. f3 Bg5 10. Qg7 Bf6 11. Qh6 Bg5 12. Qg7 Bf6 13. Qh6 Bg5 14. Qg7 Bf6
15. Qxg4 exf3 16. Qe4+ Be7 17. Nxf3 Nf6 18. Qxb7 Nbd7 19. Bb5 O-O 20. Bxd7 Qxd7
21. Ne5 Qd6 22. Nc4 Qd7 23. Ne5 Qd6 24. d4 Ne8 25. Qxa8 Qh6 26. Nd7 Bh4+ 27. g3
Bxg3+ 28. hxg3 1-0

[Event "Challenge"]
[Site "http://www.queenalice.com/game.php?id=951382"]
[Date "2011.6.18"]
[Round "-"]
[White "viniciussantos"]
[Black "igorframos"]
[Result "0-1"]
[WhiteElo "1764"]
[BlackElo "1360"]

1. d4 d5 2. c4 e6 3. cxd5 exd5 4. Nc3 Nf6 5. g3 c6 6. Bg2 Na6 7. a3 Bf5 8. Bg5
Be7 9. Bxf6 Bxf6 10. e3 O-O 11. Nge2 Nc7 12. O-O Ne6 13. Re1 a5 14. Nf4 Nxf4 15.
exf4 Re8 16. Qd2 Rxe1+ 17. Rxe1 Qd7 18. Qe3 b5 19. b4 axb4 20. axb4 Kf8 21. f3
Re8 22. Qxe8+ Qxe8 23. Rxe8+ Kxe8 24. Ne2 Bd3 25. Bf1 g6 26. g4 h6 27. Kg2 h5
28. gxh5 gxh5 29. Ng3 Bxf1+ 30. Kxf1 h4 31. Nf5 h3 32. Kf2 Kd7 33. Ke3 Ke6 34.
Ng3 Be7 35. f5+ Kf6 36. f4 Bxb4 37. Kf3 Bc3 38. Ke3 b4 39. Kd3 Be1 40. Ne2 b3
41. Nc3 b2 42. Kc2 b1=Q+ 43. Nxb1 Bg3 44. Nd2 Bxh2 45. Nf1 Bxf4 46. Kd3 Kxf5 47.
Ke2 Ke4 48. Kf2 f5 0-1

[Event "Challenge"]
[Site "http://www.queenalice.com/game.php?id=953836"]
[Date "2011.6.25"]
[Round "-"]
[White "rafaelcanuto"]
[Black "igorframos"]
[Result "1-0"]
[WhiteElo "1512"]
[BlackElo "1390"]

1. e3 e6 2. Qf3 d5 3. Bb5+ c6 4. Bd3 Nf6 5. c4 dxc4 6. Bxc4 Bc5 7. d4 Bb4+ 8.
Bd2 Bxd2+ 9. Nxd2 a5 10. a4 Na6 11. Bxa6 Rxa6 12. Nc4 Nd5 13. Ne5 Rb6 14. Qxf7#
1-0

[Event "III "Open" UFRJ "]
[Site "http://www.queenalice.com/game.php?id=957651"]
[Date "2011.7.6"]
[Round "2"]
[White "vigusmao"]
[Black "igorframos"]
[Result "1-0"]
[WhiteElo "2137"]
[BlackElo "1379"]

1. e4 e5 2. Nf3 Nc6 3. c3 Nf6 4. d4 exd4 5. e5 Ne4 6. Qe2 Nc5 7. cxd4 Na4 8. Qe4
Bb4+ 9. Bd2 Bxd2+ 10. Nbxd2 Nxb2 11. Qc2 d6 12. Qxb2 dxe5 13. dxe5 O-O 14. Bb5
a6 15. Bxc6 bxc6 16. O-O a5 17. Rac1 Ba6 18. Rfe1 Rb8 19. Qc3 Qd5 20. Qxc6 Qxc6
21. Rxc6 Bb7 22. Rxc7 Bd5 23. a3 Rb7 24. Rxb7 Bxb7 25. Rb1 Bd5 26. Rb5 Rd8 27.
Rxa5 g6 28. Kf1 Bxf3 29. Nxf3 h6 30. Ke2 g5 31. Ke3 g4 32. Nd4 h5 33. Ra6 Kf8
34. Rh6 Ke7 35. Nc6+ 1-0

[Event "Challenge"]
[Site "http://www.queenalice.com/game.php?id=957818"]
[Date "2011.7.7"]
[Round "-"]
[White "rafaelcanuto"]
[Black "igorframos"]
[Result "0-1"]
[WhiteElo "1535"]
[BlackElo "1375"]

1. e4 e5 2. Qf3 Nf6 3. Nh3 d5 4. exd5 Nxd5 5. Bc4 Be6 6. Bxd5 Bxd5 7. Qg3 Bd6 8.
Qxg7 Rf8 9. Qxh7 Bc5 10. O-O Nd7 11. Nc3 Nf6 12. Qg7 Rg8 13. Qh6 Rxg2+ 14. Kh1
Rxh2+ 15. Kg1 Rh1# 0-1

[Event "Após a prova?... :-)"]
[Site "http://www.queenalice.com/game.php?id=960152"]
[Date "2011.7.14"]
[Round "-"]
[White "igorframos"]
[Black "vigusmao"]
[Result "0-1"]
[WhiteElo "1377"]
[BlackElo "2138"]

1. e4 e5 2. Nf3 Nc6 3. d4 exd4 4. Nxd4 Bc5 5. Nxc6 Qf6 6. Be3 Bxe3 7. fxe3 Qh4+
8. Ke2 dxc6 9. Nc3 Bg4+ 10. Kd2 O-O-O+ 11. Bd3 Bxd1 12. Raxd1 Nf6 13. Kc1 Ng4
14. Rhg1 Nxe3 15. Rde1 Rxd3 16. cxd3 Qf2 17. Ne2 Nxg2 18. Ref1 Qxe2 19. Rxf7 Ne3
20. Kb1 Qxd3+ 21. Ka1 Nc2+ 0-1

[Event "Challenge"]
[Site "http://www.queenalice.com/game.php?id=960922"]
[Date "2011.7.16"]
[Round "-"]
[White "vigusmao"]
[Black "igorframos"]
[Result "1-0"]
[WhiteElo "2146"]
[BlackElo "1397"]

1. e4 e5 2. Nf3 Nc6 3. c3 d6 4. d4 exd4 5. cxd4 d5 6. exd5 Qxd5 7. Nc3 Bb4 8.
Be2 Nge7 9. O-O Bxc3 10. bxc3 O-O 11. c4 Qf5 12. Re1 Ng6 13. Bd3 Qf6 14. Bg5 Qd6
15. Rb1 Bg4 16. Be4 Bxf3 17. gxf3 Rae8 18. Rxb7 Nxd4 19. c5 Qe5 20. Be3 Ne6 21.
Qc1 Nh4 22. Rb3 Nd4 23. Bxd4 Qxd4 24. Rbe3 Qd7 25. Qc4 Qh3 26. Qf1 Qxf1+ 27.
Kxf1 Ng6 28. Bxg6 Rxe3 29. Bxh7+ Kxh7 30. fxe3 g5 31. Rb1 a5 32. Rb7 Kg6 33.
Rxc7 Ra8 34. Rb7 f5 35. a4 Rc8 36. Rb5 Ra8 37. Ke2 f4 38. e4 Kh5 39. c6 Kh4 40.
c7 g4 41. fxg4 Kxg4 42. Rb8 1-0

[Event "Challenge"]
[Site "http://www.queenalice.com/game.php?id=961556"]
[Date "2011.7.18"]
[Round "-"]
[White "potter_brasil"]
[Black "igorframos"]
[Result "1-0"]
[WhiteElo "1606"]
[BlackElo "1397"]

1. e4 e5 2. Bc4 Bc5 3. Nf3 Nc6 4. Nc3 Nf6 5. d3 d6 6. Bg5 Bg4 7. h3 Bxf3 8. Qxf3
Nd4 9. Qd1 O-O 10. Nd5 c6 11. Nxf6+ gxf6 12. Bh6 f5 13. exf5 Qf6 14. Qg4+ Kh8
15. Bxf8 Rxf8 16. O-O-O Nxf5 17. Kb1 Bxf2 18. Rdf1 Ne3 19. Qe2 Nxf1 20. Rxf1 d5
21. Rxf2 Qg5 22. Bb3 Rg8 23. g4 b5 24. Rxf7 a5 25. h4 Qg6 26. Qxe5+ 1-0

[Event "Computatas UFRJ"]
[Site "http://www.queenalice.com/game.php?id=969378"]
[Date "2011.8.6"]
[Round "3"]
[White "igorframos"]
[Black "fabianoo"]
[Result "0-1"]
[WhiteElo "1401"]
[BlackElo "1972"]

1. e4 e5 2. Nf3 Nc6 3. d4 exd4 4. Nxd4 d6 5. Nxc6 bxc6 6. Nc3 Rb8 7. Bc4 Nf6 8.
Bg5 Be7 9. Bxf6 Bxf6 10. Qf3 O-O 11. O-O Be6 12. Bxe6 fxe6 13. Qh5 Rxb2 14. Ne2
Rxc2 15. Nf4 Bxa1 16. Nxe6 Qf6 17. Ng5 h6 18. Nh3 Bd4 19. Qd1 Rxa2 20. Qb3+ Qf7
21. Qxf7+ Rxf7 22. g4 Ra1 23. Kg2 Rxf1 24. Kxf1 a5 25. Ke2 a4 0-1

[Event "III "Open" UFRJ "]
[Site "http://www.queenalice.com/game.php?id=985544"]
[Date "2011.9.15"]
[Round "3"]
[White "igorframos"]
[Black "daniloartigas"]
[Result "0-1"]
[WhiteElo "1397"]
[BlackElo "1964"]

1. e4 e6 2. Bc4 d5 3. exd5 exd5 4. Bb5+ c6 5. Ba4 a5 6. d4 b5 7. Bxb5 cxb5 8.
Nf3 Nf6 9. Bf4 Nc6 10. Nc3 Bg4 11. O-O Bd6 12. Qe2+ Ne7 13. Qxb5+ Bd7 14. Qe2
Bxf4 15. Nb5 O-O 16. Ne5 Rb8 17. Nd6 Qc7 18. Rfe1 Qxd6 19. Nxd7 Qxd7 20. Qd3 Qd6
21. g3 Bh6 22. f4 Ng6 23. f5 Ne7 24. Qf3 Rxb2 25. h4 Rxc2 26. g4 Qh2+ 0-1